000 00259nam a2200097Ia 4500
001 653734
005 20250826154504.0
008 250824s9999 xx 000 0 und d
245 0 _a7 ARKADAŞIM BİR GRİSKOK
_cMALORİE BLACKMAN
260 _bGÜNIŞIĞI YAYINLARI
999 _c653734
_d653734